00455nam a2200169 a 4500001001300000003000900013005001700022008004100039020001100080082001300091100001600104245005300120260004400173300001000217500003500227650002300262nice12345678IN_TiNIC20260116015337.0100205s1964 lona grp 000 0 eng  ac100000a423bFOW aFowler, H W aThe Concise Oxford Dictionary of Current English aLondon bOxford University Press c1964 a1555p aincludes index and biblioraphy aDictionary-English